<?xml version="1.0" encoding="UTF-8"?>
<record
    xmlns:xsi="http://www.w3.org/2001/XMLSchema-instance"
    xsi:schemaLocation="http://www.loc.gov/MARC21/slim http://www.loc.gov/standards/marcxml/schema/MARC21slim.xsd"
    xmlns="http://www.loc.gov/MARC21/slim">

  <leader>02295nam a2200253 a 4500</leader>
  <controlfield tag="001">000011506</controlfield>
  <controlfield tag="005">20240412074227.0</controlfield>
  <controlfield tag="008">091019t1996    dr            000 j spa d</controlfield>
  <datafield tag="020" ind1=" " ind2=" ">
    <subfield code="a">8489539243</subfield>
  </datafield>
  <datafield tag="040" ind1=" " ind2=" ">
    <subfield code="a">DO-SdBNP</subfield>
    <subfield code="b">spa</subfield>
    <subfield code="c">BNPHU</subfield>
  </datafield>
  <datafield tag="082" ind1=" " ind2=" ">
    <subfield code="a">RD863.4408</subfield>
    <subfield code="b">A634c</subfield>
  </datafield>
  <datafield tag="245" ind1="1" ind2="0">
    <subfield code="a">Antolog&#xED;a del cuento dominicano /</subfield>
    <subfield code="c">[compilador] Di&#xF3;genes C&#xE9;spedes.</subfield>
  </datafield>
  <datafield tag="260" ind1=" " ind2=" ">
    <subfield code="a">Santo Domingo :</subfield>
    <subfield code="b">Editora de Colores,</subfield>
    <subfield code="c">1996.</subfield>
  </datafield>
  <datafield tag="300" ind1=" " ind2=" ">
    <subfield code="a">340 p. ;</subfield>
    <subfield code="c">24 cm.</subfield>
  </datafield>
  <datafield tag="504" ind1=" " ind2=" ">
    <subfield code="a">Incluye referencias bibliogr&#xE1;ficas y notas al pie de las p&#xE1;ginas.</subfield>
  </datafield>
  <datafield tag="504" ind1=" " ind2=" ">
    <subfield code="a">Bibliograf&#xED;a : p. 335-340</subfield>
  </datafield>
  <datafield tag="505" ind1="0" ind2=" ">
    <subfield code="a">Introducci&#xF3;n : El problema de nuestras antolog&#xED;as --</subfield>
    <subfield code="t">Problema de validez de los m&#xE9;todos --</subfield>
    <subfield code="t">Las antolog&#xED;as profesorales --</subfield>
    <subfield code="t">Criterios de esta antolog&#xED;a --</subfield>
    <subfield code="t">Autores y textos: La mancha indeleble /</subfield>
    <subfield code="r">Juan Bosch --</subfield>
    <subfield code="t">La enemiga /</subfield>
    <subfield code="r">Virgilio D&#xED;az Grull&#xF3;n --</subfield>
    <subfield code="t">La espera /</subfield>
    <subfield code="r">Hilma Contreras --</subfield>
    <subfield code="t">La f&#xE9;rtil agon&#xED;a del amor /</subfield>
    <subfield code="r">Marcio Veloz Maggiolo --</subfield>
    <subfield code="t">Intuici&#xF3;n femenina /</subfield>
    <subfield code="r">Pedro Verg&#xE9;s --</subfield>
    <subfield code="t">Curiosidades /</subfield>
    <subfield code="r">J. M. Sanz Lajara --</subfield>
    <subfield code="t">El libertador /</subfield>
    <subfield code="r">Ram&#xF3;n Marrero Aristy --</subfield>
    <subfield code="t">Ernesto de Anquises /</subfield>
    <subfield code="r">Fabio Fiallo --</subfield>
    <subfield code="t">Antojo femenino /</subfield>
    <subfield code="r">Renato de Soto --</subfield>
    <subfield code="t">Dora /</subfield>
    <subfield code="r">Delia Weber --</subfield>
    <subfield code="t">El ciempi&#xE9;s /</subfield>
    <subfield code="r">Carmen Stengre --</subfield>
    <subfield code="t">Chito /</subfield>
    <subfield code="r">Jos&#xE9; Rijo --</subfield>
    <subfield code="t">Aquel hospital /</subfield>
    <subfield code="r">Virgilio D&#xED;az Ordo&#xF1;ez --</subfield>
    <subfield code="t">Mi traje nuevo /</subfield>
    <subfield code="r">Miguel &#xC1;ngel Jim&#xE9;nez --</subfield>
    <subfield code="t">Un hombre de la calle /</subfield>
    <subfield code="r">N&#xE9;stor Caro --</subfield>
    <subfield code="t">El oidor /</subfield>
    <subfield code="r">Efraim Castillo --</subfield>
    <subfield code="t">Ruidos /</subfield>
    <subfield code="r">Jos&#xE9; Alc&#xE1;ntara Alm&#xE1;nzar --</subfield>
    <subfield code="t">Ahora que vuelvo, Ton /</subfield>
    <subfield code="r">Ren&#xE9; del Risco Berm&#xFA;dez --</subfield>
    <subfield code="t">Delicatessen /</subfield>
    <subfield code="r">Miguel Alfonseca --</subfield>
    <subfield code="t">Infancia feliz /</subfield>
    <subfield code="r">Armando Alm&#xE1;nzar Rodr&#xED;guez --</subfield>
    <subfield code="t">El hijo /</subfield>
    <subfield code="r">Ram&#xF3;n Lacay Polanco --</subfield>
    <subfield code="t">Pormenores de una servidumbre /</subfield>
    <subfield code="r">Pedro Peix --</subfield>
    <subfield code="t">Antip&#xF3;lux /</subfield>
    <subfield code="r">Di&#xF3;genes Valdez --</subfield>
    <subfield code="t">No hay vacante /</subfield>
    <subfield code="r">Ram&#xF3;n Francisco --</subfield>
    <subfield code="t">El amor de Ana /</subfield>
    <subfield code="r">&#xC1;ngela Hern&#xE1;ndez --</subfield>
    <subfield code="t">Mecanismo del plagio /</subfield>
    <subfield code="r">Aglae Echavarr&#xED;a --</subfield>
    <subfield code="t">Una visita de cortes&#xED;a --</subfield>
    <subfield code="t">The open window --</subfield>
    <subfield code="r">B. Saki (H. H. Munro) --</subfield>
    <subfield code="t">La ventana abierta / --</subfield>
    <subfield code="r">traducci&#xF3;n de Cosette &#xC1;lvarez y Di&#xF3;genes C&#xE9;spedes --</subfield>
    <subfield code="t">Bibliograf&#xED;a.</subfield>
  </datafield>
  <datafield tag="590" ind1=" " ind2=" ">
    <subfield code="a">Inventariado, 2020/LP</subfield>
  </datafield>
  <datafield tag="650" ind1=" " ind2="4">
    <subfield code="a">Cuentos dominicanos</subfield>
    <subfield code="x">Colecciones</subfield>
    <subfield code="9">503</subfield>
  </datafield>
  <datafield tag="651" ind1=" " ind2="4">
    <subfield code="a">Rep&#xFA;blica Dominicana</subfield>
    <subfield code="x">Antolog&#xED;as Literarias</subfield>
    <subfield code="9">22124</subfield>
  </datafield>
  <datafield tag="650" ind1=" " ind2="0">
    <subfield code="a">Literatura dominicana.</subfield>
    <subfield code="9">67</subfield>
  </datafield>
  <datafield tag="700" ind1="1" ind2=" ">
    <subfield code="a">C&#xE9;spedes, Di&#xF3;genes,</subfield>
    <subfield code="d">1941-</subfield>
    <subfield code="e">comp.</subfield>
    <subfield code="9">20548</subfield>
  </datafield>
  <datafield tag="910" ind1=" " ind2=" ">
    <subfield code="a">Validado. Control de calidad EMARRERO</subfield>
  </datafield>
  <datafield tag="952" ind1=" " ind2=" ">
    <subfield code="0">0</subfield>
    <subfield code="1">0</subfield>
    <subfield code="7">1</subfield>
    <subfield code="8">PD</subfield>
    <subfield code="a">PD</subfield>
    <subfield code="b">PD</subfield>
    <subfield code="c">HD</subfield>
    <subfield code="d">2009-10-19</subfield>
    <subfield code="i">LF1</subfield>
    <subfield code="l">0</subfield>
    <subfield code="o">RD863.4408 A634c</subfield>
    <subfield code="p">11506-10</subfield>
    <subfield code="r">2020-06-25</subfield>
    <subfield code="w">2020-06-25</subfield>
    <subfield code="y">LFPD</subfield>
    <subfield code="Z">No se presta</subfield>
  </datafield>
  <datafield tag="952" ind1=" " ind2=" ">
    <subfield code="0">0</subfield>
    <subfield code="1">0</subfield>
    <subfield code="7">1</subfield>
    <subfield code="8">PD</subfield>
    <subfield code="a">PD</subfield>
    <subfield code="b">PD</subfield>
    <subfield code="c">HD</subfield>
    <subfield code="d">2009-10-19</subfield>
    <subfield code="i">LF1</subfield>
    <subfield code="l">0</subfield>
    <subfield code="o">RD863.4408 A634c</subfield>
    <subfield code="p">11506-20</subfield>
    <subfield code="r">2020-06-25</subfield>
    <subfield code="t">e. 2</subfield>
    <subfield code="w">2020-06-25</subfield>
    <subfield code="y">LFPD</subfield>
    <subfield code="Z">No se presta</subfield>
  </datafield>
  <datafield tag="999" ind1=" " ind2=" ">
    <subfield code="c">11207</subfield>
    <subfield code="d">11207</subfield>
  </datafield>
</record>
